000
00312nam a22001457a 4500
008
210310b ||||| |||| 00| 0 eng d
020
_a
0879092661
041
_a
eng
080
_a
612.39
082
_a
612.39
100
_a
10
101
_a
NUT
245
_a
Feeds and Feeding
_c
Cullison,E.A
942
_2
udc
_c
BK
999
_c
56265
_d
56265